000 00615nam a2200217Ia 4500
001 24935
003 AR-BaAGN
005 20231116145140.0
007 ta
008 211213s1937 ag |||||||||||||| ||spa d
040 _dAR-BaAGN
_aAR-BaAGN
_bspa
_eaacr
100 _aGarretón, Adolfo
245 1 0 _aHistoria de San Nicolás de los Arroyos :
_bdesde sus orígenes hasta 1810 /
_cAdolfo Garretón
260 _aLa Plata :
_bTaller de Impresiones Oficiales,
_c1937.
300 _a77 páginas
336 _2rdacontent
_btxt
337 _2rdamedia
_bn
338 _2rdacarrier
_bnc
942 _cLIBRO
999 _c24935
_d24935